Films dont le titre commence par un F (1) - Statistiques

Statistiques générales
  • Ce quiz a été pris 10 fois
  • Le résultat moyen est 4 sur 30
Statistiques - réponses
Année Réalisateur Genre 1 acteur ou
1 actrice
Titre % Correct
1951 Christian-Jaque Aventures Gérard Philippe Fanfan la Tulipe
78%
1932 M. Pagnol Comédie dramatique Raimu Fanny
78%
1954 A. Hitchcock Policier James Stewart Fenêtre sur cour
56%
1964 A. Hunebelle Policier Jean Marais Fantomas
44%
1936 F. Lang Comédie dramatique Spencer Tracy Furie
33%
1966 F. Truffaut Fantastique Oskar Werner Fahrenheit 451
22%
1972 F. Fellini Comédie dramatique Federico Fellini Fellini Roma
22%
1978 G. Lautner Policier Jean-Paul Belmondo Flic ou Voyou
22%
1932 T. Browning Drame Burgess Meredith Freaks
22%
1936 S. Guitry Comédie Jacqueline Delubac Faisons un rêve
11%
1968 M. Audiard Comédie Bernard Blier Faut pas prendre les enfants du Bon Dieu pour des canards sauvages
11%
1939 G. Cukor Comédie dramatique Joan Crawford Femmes
11%
1955 M. Antonioni Drame psychologique Gabriele Ferzetti Femmes entre elles
11%
1949 A. Biasetti Peplum Michèle Morgan Fabiola
0%
1950 I. Lupino Drame Sally Forest Faire face
0%
1964 J. Girault Comédie Claude Piéplu Faites sauter la banque
0%
1948 E.E. Reinert Comédie Luis Mariano Fandango
0%
1971 G. Pirès Comédie Lino Ventura Fantasia chez les Ploucs
0%
1976 M. Dugowski Drame psychologique Thierry Lhermitte F comme Fairbanks
0%
1978 B. Wilder Drame Marthe Keller Fedora
0%
1953 J. Boyer Comédie Michel Simon Femmes de Paris
0%
1974 P. Vecchiali Comédie dramatique Michel Delahaye Femmes femmes
0%
1969 G. Saks Comédie Walter Matthau Fleur de cactus
0%
1956 H. Decoin Musical Eddie Constantine Folies Bergères
0%
1932 F. Capra Drame Barbara Stanwyck Forbidden
0%
1960 A. Joffré Drame psychologique Bourvil Fortunat
0%
1937 Christian-Jaque Comédie Fernandel François 1er
0%
1939 C. Autant-Lara Comédie Arletty Fric-frac
0%
1968 W. Wyler Musical Barbra Streisand Funny girl
0%
1972 R. Aldrich Western Burt Lancaster Fureur apache
0%
Aucun quiz correspondant
Distribution des résultats
% des personnes avec chaque résultat
Percentile par nombre de réponses
Votre historique - résultats
Vous n’avez pas pris ce quiz